Statistics for Famous U.S. Lighthouses By Picture

Click here to take the quiz!

General Stats

  • This quiz has been taken 14 times
    (11 since last reset)
  • The average score is 11 of 42

Answer Stats

Answer% Correct
Portland Head Light, Maine
75%
Statue Of Liberty
75%
Alcatraz, San Francisco
63%
Cape Hatteras, North Carolina
63%
Boston Light
50%
Cape Canaveral
50%
Cape Neddick (Nubble Light), Maine
50%
New London Ledge, Connecticut
50%
Pemaquid Point, Maine
50%
St. Augustine, Florida
50%
West Quoddy Head, Maine
50%
Cape Lookout, North Carolina
38%
Jupiter Inlet, Florida
38%
Sapelo Island, Georgia
38%
Thatcher Island (Cape Ann), Massachusetts
38%
White Shoal, Michigan
38%
Block Island Southeast, Rhode Island
25%
Garden Key, Dry Tortugas, Florida
25%
Sandy Hook, New Jersey
25%
Seven Foot Knoll, Baltimore
25%
Absecon, Atlantic City
13%
Aloha Tower, Honolulu
13%
Chicago Harbor
13%
Fort Sumter Range Lights / St. Philip's Church, Charleston, South Carolina
13%
Holland Harbor, Michigan
13%
Little Red Lighthouse, New York City
13%
Livingstone Memorial, Detroit
13%
Los Angeles Harbor
13%
Mount Desert Rock, Maine
13%
Navesink Twin Lights, New Jersey
13%
Point Bonita, San Francisco harbor
13%
Point Loma, San Diego
13%
Point Reyes, California
13%
South Haven, Michigan
13%
Split Rock, Minnesota
13%
Tillamook Rock, Oregon
13%
Toledo Harbor, Ohio
13%
Welfare Island (Blackwell), New York City
13%
Eldred Rock, Alaska
0%
Grand Island East, Michigan
0%
Makapu'u, Hawai'i
0%
Yerba Buena, San Francisco
0%

Score Distribution

Percentile by Number Answered

Percent of People with Each Score

Your Score History

You have not taken this quiz since the last reset